Remarks upon alchemy and the alchemists.

Bibliographic Details
Main Author: Hitchcock, Ethan Allen, 1798-1870
Format: Book
Language:English
Published: Boston : Crosby, Nichols, 1857.
Subjects:

MARC

Tag First Indicator Second Indicator Subfields
LEADER 00000cam a2200000 4500
001 in00000674821
005 20151015084831.0
008 801001r18571857miu a 00000 eng d
035 |a (OCoLC)06775172 
035 |9 ACY2297AM 
040 |a EEU  |c TXA  |d UtOrBLW 
049 |a TXAI 
090 |a QD13  |b .H5 
099 |a film  |a B  |a 1512  |a reel  |a 474.9 
100 1 |a Hitchcock, Ethan Allen,  |d 1798-1870. 
245 1 0 |a Remarks upon alchemy and the alchemists. 
264 1 |a Boston :  |b Crosby, Nichols,  |c 1857. 
300 |a 307 pages ;  |c 19 cm. 
336 |a text  |b txt  |2 rdacontent 
337 |a microform  |b h  |2 rdamedia 
338 |a microfilm reel  |b hd  |2 rdacarrier 
500 |a Preface signed: E. A. H. 
500 |a Microfilm. Ann Arbor, Mich., University Microfilms [n.d.] (American culture series, Reel 474.9) 
500 |a Microform. 
650 0 |a Alchemy  |x History. 
999 |a MARS 
999 f f |s ffe20e80-e4c5-3de5-8b59-8b03feed1d15  |i 236d8f2d-6442-34ae-9b84-dff8d425c6ee  |t 0 
952 f f |p default  |a Texas A&M University  |b College Station  |c Sterling C. Evans Library  |d Evans: Microforms (3rd floor)  |t 0  |e film B 1512 reel 474.9  |h Other scheme  |i microform -- microfilm reel 
998 f f |a film B 1512 reel 474.9  |t 0  |l Evans: Microforms (3rd floor)